000 00798nam a22002777a 4500
003 CHAP
005 20220329140824.0
008 971013s1953 r 00010 d
010 _a58153
011 _a59125
035 _a63282
040 _cCHAP
082 _a510
_bS55
100 0 0 _aSmith, Lloyd Preston.
_9107074
245 _aMathematical methods for scientists and engineers
260 _aNew York :
_bPrentice-Hall,
_c1953
300 _a453 p.
590 _aBATCH-UPD
_b10
_c20130110
_lUCH01
_h0704
590 _aBATCH-UPD
_b10
_c20130410
_lUCH01
_h0350
590 _aBATCH-UPD
_b10
_c20130914
_lUCH01
_h1803
590 _aCONVERSION
_b10
_c20130109
_lUCH01
_h1331
650 1 4 _aMatemáticas.
_972901
901 _aBK
942 _cLIBRO
949 _a510 S55
_bBC
_cBPA
_d-135932
_eBPA
_i63282
_si
999 _c58153
_d58153